000 01666namaa2200445uu 4500
001 doab34302
003 oapen
005 20260305123949.0
006 m o d
007 cr|mn|---annan
008 210210s2018 xx |||||o ||| 0|eng d
020 _a9780429489877
020 _a9781138716575
024 7 _a10.4324/9780429489877
_2doi
040 _aoapen
_coapen
041 0 _aeng
042 _adc
072 7 _aJP
_2bicssc
072 7 _aNH
_2bicssc
720 1 _aOinam, Bhagat
_4edt
245 0 0 _aNortheast India
_bA Reader
260 _bTaylor & Francis
_c2018
300 _a1 online resource (490 p.)
336 _atext
_btxt
_2rdacontent
337 _acomputer
_bc
_2rdamedia
338 _aonline resource
_bcr
_2rdacarrier
506 0 _aFree-to-read
_fUnrestricted online access
_2star
520 _aNortheast India is a multifaceted and dynamic region that is constantly in focus because of its fragile political landscape characterized by endemic violence and conflicts. One of the first of its kind, this reader on Northeast India examines myriad aspects of the region - its people and its linguistic and cultural diversity.
540 _aAll rights reserved
_uhttp://oapen.org/content/about-rights
546 _aEnglish
650 7 _aHistory
_2bicssc
650 7 _aPolitics and government
_2bicssc
653 _aAsian Studies
653 _aNortheast India
720 1 _aOinam, Bhagat
_4oth
720 1 _aSadokpam, Dhiren A.
_4edt
720 1 _aSadokpam, Dhiren A.
_4oth
793 0 _aDOAB Library.
856 4 0 _uhttps://directory.doabooks.org/handle/20.500.12854/34302
_70
_zFree-to-read: DOAB: description of the publication
999 _c92958
_d92958